000 00493nam a2200181Ia 4500
005 20250120061249.0
008 240331s9999 xx 000 0 und d
020 _a033509757X
082 _bCAM
_21166
_a305.4
245 0 _aCritical Feminism:
_bArgument in the Disciplines
260 _aBuckingham
_aPhiladelphia
_bOpen University Press
_c1992
300 _axii, 224 p.,
650 _aFeminism
650 _aSocialism
650 _aWomen Psychology
700 _aCampbell, K
_eedt
942 _cL
999 _c1632
_d1632